Normal view
MARC view
- Alpher, Josep
Entry Personal Name
001 - CONTROL NUMBER
- control field: 77339
003 - CONTROL NUMBER IDENTIFIER
- control field: NUST
005 - DATE AND TIME OF LATEST TRANSACTION
- control field: 20210628205856.0
008 - FIXED-LENGTH DATA ELEMENTS
- fixed length control field: 210628|| aca||aabn | a|a d
040 ## - CATALOGING SOURCE
- Original cataloging agency: NUST
- Transcribing agency: NUST
100 ## - HEADING--PERSONAL NAME
- Personal name: Alpher, Josep
670 ## - SOURCE DATA FOUND
- Source citation: Work cat.: (NUST): Alpher, Josep, The middle east military balance 1989-1990, 1990
